000 00917nam a22003017a 4500
001 BR7303379
003 BR-BrBNA
005 20230928083949.0
007 ta
008 230509b bl.||||| |||| 00| 0 por d
040 _aBR-BrBNA
_bpor
_cBiblioteca Nacional de Agricultura
041 _a(Por)
072 _aE70; E10
_b2110
_b/G514
090 _ 2110 BR7303379
100 1 _aBrandao, C.
110 1 _aComissao Executiva do Plano de Recuperacao Economico-Rural da Lavoura Cacaueira, Rio de Janeiro, GB (Brasil)
_92147
245 1 _aCacau, alguns aspectos da acao do governo federal [Imposto; Cambio; Financiamento; Exportacao; Brasil]
260 3 _aRio de Janeiro, GB (Brasil):
_c1967.
300 _a61 p.
650 _aCACAU
650 _aIMPOSTO
650 _aFINANCIAMENTO
650 _aEXPORTACAO
650 _aCREDITO
650 _aRECEITA
909 _a202309
_bLucia
_c55
_dLucia Elande
942 _cBK
999 _c16048
_d16048